书目信息 |
| 题名: |
南亚热带小宗果树实用栽培技术
|
|
| 作者: | 刘荣光 主编 | |
| 分册: | ||
| 出版信息: | 北京 中国农业出版社 2002 |
|
| 页数: | 386页 | |
| 开本: | 20cm | |
| 丛书名: | ||
| 单 册: | ||
| 中图分类: | S667 | |
| 科图分类: | ||
| 主题词: | 热带果树--栽培--中国 , 热带果树 | |
| 电子资源: | ||
| ISBN: | 7-109-07945-7 | |
| 000 | 00770nam0 2200229 450 | |
| 001 | 1574645039 | |
| 005 | 20150129204426.93 | |
| 010 | @a7-109-07945-7@dCNY19.80 | |
| 100 | @a20030225d2002 em y0chiy0110 ea | |
| 101 | 0 | @achi |
| 102 | @aCN@b110000 | |
| 105 | @ay z 000yy | |
| 200 | 1 | @a南亚热带小宗果树实用栽培技术@9nan ya re dai xiao zong guo shu shi yong zai pei ji shu@f刘荣光主编 |
| 210 | @a北京@c中国农业出版社@d2002 | |
| 215 | @a386页@d20cm | |
| 330 | @a本书主要对我国南部地区的大果甜杨桃、油梨、橄榄、番石榴、番荔枝、余甘、毛叶枣、木菠萝、红龙果等小宗果树的栽培进行了介绍。 | |
| 606 | 0 | @a热带果树@x栽培@y中国 |
| 606 | 0 | @a热带果树 |
| 690 | @aS667@v5 | |
| 701 | 0 | @a刘荣光@9liu rong guang@4主编 |
| 801 | 0 | @aCN@bTSSF@c20150129 |
| 905 | @aZUCC@dS667@eJY60 | |
| 南亚热带小宗果树实用栽培技术/刘荣光主编.-北京:中国农业出版社,2002 |
| 386页;20cm |
| ISBN 7-109-07945-7:CNY19.80 |
| 本书主要对我国南部地区的大果甜杨桃、油梨、橄榄、番石榴、番荔枝、余甘、毛叶枣、木菠萝、红龙果等小宗果树的栽培进行了介绍。 |
| ● |
| 相关链接 |
|
|
|
|
正题名:南亚热带小宗果树实用栽培技术
索取号:S667/JY60
 
预约/预借
| 序号 | 登录号 | 条形码 | 馆藏地/架位号 | 状态 | 备注 |
| 1 | 7862071 | 278620716 | 学院路分馆/ [索取号:S667/JY60] | 在馆 | |
| 2 | 7862072 | 278620725 | 学院路分馆/ [索取号:S667/JY60] | 在馆 |